MARC

LEADER 00000nam0a2200000 4500
001 305766
005 20231102001830.0
020 |a RU  |b 83-63834 
035 |a (RuTPU)RU\TPU\book\331038 
090 |a 305766 
100 |a 20150930d1983 km y0rusy5003 ca 
101 0 |a rus 
102 |a RU 
105 |a a z 001zy 
200 1 |a Тепло- и массообмен в химической технологии  |e межвузовский сборник  |f Казанский химико-технологический институт им. С. М. Кирова (КХТИ) ; под ред. А. Г. Усманова 
210 |a Казань  |c Изд-во КХТИ  |d 1983 
215 |a 75 с.  |c ил. 
320 |a Библиогр. в конце ст. 
606 1 |a Химическая технология  |x Процессы  |x Переноса явления  |2 stltpush  |3 (RuTPU)RU\TPU\subj\31262  |9 54162 
610 1 |a теплообмен 
610 1 |a массообмен 
610 1 |a нестационарный теплообмен 
610 1 |a численные методы 
610 1 |a экспериментальные исследования 
610 1 |a каналы 
610 1 |a сечения 
610 1 |a многокомпонентная диффузия 
610 1 |a лучистый перенос 
610 1 |a двухфазные среды 
610 1 |a газы 
610 1 |a жидкости 
675 |a 66.021.3/.4  |z rus  |v 3 
702 1 |a Усманов  |b А. Г.  |g Айтуган Гарифович  |4 340 
712 0 2 |a Казанский химико-технологический институт им. С. М. Кирова (КХТИ)  |c (1935-1992)  |2 stltpush  |3 (RuTPU)RU\TPU\col\3704 
801 0 |a RU  |b RuMRKP  |c 19950704  |g psbo 
801 1 |a RU  |b 63413507  |c 20150930 
801 2 |a RU  |b 63413507  |c 20190909  |g RCR 
942 |c BK